000 00941nac a22002897a 4500
001 BR9603935
003 BR-BrBNA
005 20240105121758.0
008 230509b bl.|||m| |||| 00| 0 por d
040 _aBR-BrBNA
_bpor
_cBiblioteca Nacional de Agricultura
072 _aF06; U10
090 _aF06 BR9603935
100 1 _aDeniculi, W.
100 1 _aRamos, M.M.
100 1 _aMartinez, M.A.
110 1 _aAssociacao dos Engenheiros Agricolas de Minas Gerais, Vicosa (Brasil)
_9584
245 1 _aMaximo comprimento das linhas laterais de irrigacao, usando o conceito de vazao ficticia
260 3 _aVicosa, MG (Brasil):
_c1992.
300 _a15 p.
490 _aEngenharia na Agricultura. Serie Irrigacao e Drenagem (Brazil)
_vv. 1(6)
_x
500 _aSummaries (En, Pt)
650 _aIrrigacao
650 _aVazao
650 _aModelo Matematico
909 _a202312
_bLúcia Elande
_c55
_dLúcia Elande
942 _2AGRIS
_n0
_cMS
999 _c287396
_d287396